| 000 | 00710nam a2200253Ia 4500 | ||
|---|---|---|---|
| 003 | OSt | ||
| 005 | 20221005055132.0 | ||
| 006 | a|||||r|||| 00| 0 | ||
| 007 | ta | ||
| 008 | 221004b |||||||| |||| 00| 0 eng d | ||
| 020 | _a9780773536807 (pbk) | ||
| 024 | _a23144 | ||
| 037 |
_bGift, 18/11/2015, _cTextual |
||
| 040 |
_aCRL _cCRL _beng |
||
| 041 |
_2eng _aeng |
||
| 082 | _aSM9, Q0 | ||
| 100 |
_aMills Jon _930514 |
||
| 245 | 0 |
_aOrigins _b On the genesis of psychic reality |
|
| 260 |
_aLondon _bMcGill - Queen's University Press UK _c2010 |
||
| 300 |
_axi, 304p. _ccm. |
||
| 650 | _aPSYCHOLOGY | ||
| 942 |
_hSM9, Q0 _cTEXL _2cc |
||
| 999 |
_c964615 _d964615 |
||